<?xml version="1.0" encoding="UTF-8"?>
<collection xmlns="http://www.loc.gov/MARC21/slim">
 <record>
  <leader>07156nam a2200349 a 4500</leader>
  <controlfield tag="001">kal4470</controlfield>
  <controlfield tag="003">Gr-AtHEAL</controlfield>
  <controlfield tag="005">20160505145032.0</controlfield>
  <controlfield tag="006">m        d        </controlfield>
  <controlfield tag="008">160413s2015    gr      s           gre|c</controlfield>
  <datafield tag="020" ind1=" " ind2=" ">
   <subfield code="a">9789606032868</subfield>
  </datafield>
  <datafield tag="040" ind1=" " ind2=" ">
   <subfield code="a">GR-AtHEAL</subfield>
   <subfield code="b">gre</subfield>
   <subfield code="c">GR-AtHEAL</subfield>
  </datafield>
  <datafield tag="082" ind1="0" ind2="4">
   <subfield code="a">621.381</subfield>
   <subfield code="2">23</subfield>
  </datafield>
  <datafield tag="100" ind1="1" ind2=" ">
   <subfield code="a">Κιζήρογλου, Μιχαήλ.</subfield>
   <subfield code="8">2298</subfield>
  </datafield>
  <datafield tag="245" ind1="1" ind2="0">
   <subfield code="a">Εργαστηριακές ασκήσεις ηλεκτρονικής</subfield>
   <subfield code="h">[Ηλεκτρονικός πόρος] </subfield>
   <subfield code="c">Κιζήρογλου, Μιχαήλ ; Κριτικός αναγνώστης,Καραφυλλίδης, Ιωάννης ; Τεχνική επιμέλεια,Μπαφέρα, Ζωή ; Τεχνική επιμέλεια,Ζήνας, Νικόλαος ; Γλωσσική επιμέλεια,Τσιαδήμου, Αναστασία.</subfield>
  </datafield>
  <datafield tag="260" ind1=" " ind2=" ">
   <subfield code="a">Αθήνα :</subfield>
   <subfield code="b">Σύνδεσμος Ελληνικών Ακαδημαϊκών Βιβλιοθηκών,</subfield>
   <subfield code="c">c2015.</subfield>
  </datafield>
  <datafield tag="490" ind1=" " ind2=" ">
   <subfield code="a">Ακαδημαϊκά Ηλεκτρονικά Συγγράμματα και Βοηθήματα Κάλλιπος</subfield>
   <subfield code="8">40</subfield>
  </datafield>
  <datafield tag="505" ind1="0" ind2=" ">
   <subfield code="a">Πίνακας περιεχομένων 4Πίνακας συντομεύσεων-ακρωνύμια 5Πρόλογος 6Εργαστήριο 1: Προσομοίωση Ηλεκτρονικών Κυκλωμάτων 7Εργαστήριο 2: Τεχνικές Μέτρησης 13Εργαστήριο 3: Κυκλώματα Αντιστάσεων και Πυκνωτών 15Εργαστήριο 4: Μελέτη συμπεριφοράς της διόδου 19Εργαστήριο 5: Τεχνική Ευθείας Φόρτου 23Εργαστήριο 6: Το Αμφιπολικό Τρανζίστορ 27Εργαστήριο 7: Πόλωση του Αμφιπολικού Τρανζίστορ 31Εργαστήριο 8: Ενισχυτής κοινού εκπομπού 35Εργαστήριο 9: Διαφορικός ενισχυτής 39Εργαστήριο 10: Το MOSFET 43Εργαστήριο 11: Λογικές πύλες nMOS, pMOS και CMOS 47Εργαστήριο 12: Γραμμικά Κυκλώματα με Τελεστικούς Ενισχυτές 51Εργαστήριο 13: Κυκλώματα Διαφόρισης και Ολοκλήρωσης 55Εργαστήριο 14: Γεννήτρια τετραγωνικών παλμών 59με τον χρονιστή 555 59Εργαστήριο 15: Κυκλώματα Ταλάντωσης 63Εργαστήριο 16: Πολλαπλασιασμός σημάτων (Διαμόρφωση AM) 67Εργαστήριο 17: Κυκλώματα Σύγκρισης 71Εργαστήριο 18: Τεχνολογία Ψυχρών Κολλήσεων 75Παράρτημα Α: Γενικές οδηγίες πρωτοτυποποίησης κυκλωμάτων 81Παράρτημα B: Οδηγίες χρήσης ολοκληρωμένων διατάξεων 89</subfield>
  </datafield>
  <datafield tag="520" ind1=" " ind2=" ">
   <subfield code="a">Το προτεινόμενο βιβλίο αποτελεί ένα σύγχρονο σύγγραμμα για την εκπόνηση εργαστηριακών ασκήσεων ηλεκτρονικής, που συμπεριλαμβάνει σύνοψη του θεωρητικού υπόβαθρου, αναλυτικές οδηγίες εκπόνησης σε επίπεδο προσομοίωσης και πρωτοτυποποίησης καθώς και ειδικές τεχνικές υλοποίησης, για μια σειρά θεμάτων ηλεκτρονικής. Υιοθετείται μια ολιστική προσέγγιση της αναλογικής και ψηφιακής θεώρησης, σε άμεση σύνδεση με χρήσιμες, σύγχρονες εφαρμογές. Τα προτεινόμενα θέματα ηλεκτρονικής συμπεριλαμβάνουν την εισαγωγή στην προσομοίωση spice και πρωτοτυποποίηση ηλεκτρονικών κυκλωμάτων, τη δοκιμή παθητικών διατάξεων και απλών συστημάτων ταλάντωσης, τη λειτουργία και άμεσες εφαρμογές των MOSFET, κυκλώματα σε επίπεδο τελεστικού ενισχυτή, υλοποίηση λογικών πυλών, δοκιμή συνδυαστικών ψηφιακών συστημάτων και λύση προβλημάτων μηχανικής με υλοποίηση ψηφιακών μηχανών. Επιπλέον, συμπεριλαμβάνονται δύο ασκήσεις σύγχρονων τεχνικών πρωτοτυποποίησης σε επίπεδο τυπωμένης πλακέτας και μικρομηχανικής. Τα θέματα συνδέονται με εφαρμογές που συμπεριλαμβάνουν έξυπνα συστήματα περιβαλλοντικής ηλεκτρονικής, ηλεκτρονικά συστήματα οχημάτων, σύγχρονων οικιακών και επαγγελματικών εγκαταστάσεων και δικτύων κοινής ωφέλειας. Η προσέγγιση αυτή επιτρέπει προεκτάσεις καινοτομίας καθώς καλλιεργεί τις κατάλληλες δεξιότητες (σύλληψη εφαρμογής, προσομοίωση, πρωτοτυποποίηση και εργαστηριακή δοκιμή) για την ανάπτυξη πρωτότυπων συστημάτων σε τομείς όπως ενεργειακά αυτόνομα δίκτυα αισθητήρων και μικροηλεκτρομηχανολογικά συστήματα. Ο στόχος του προτεινόμενου συγγράμματος είναι η ενεργοποίηση δημιουργικού ενδιαφέροντος, η πρακτική εμπέδωση της θεωρίας και τεχνολογίας ηλεκτρονικής καθώς και η ανάπτυξη των απαραίτητων δεξιοτήτων (προσομοίωση, υλοποίηση, τεχνική κατάρτιση) για την υλοποίηση πρωτότυπων συστημάτων.</subfield>
  </datafield>
  <datafield tag="650" ind1=" " ind2="0">
   <subfield code="a">Microelectronics</subfield>
   <subfield code="x">Textbooks.</subfield>
   <subfield code="8">2796</subfield>
  </datafield>
  <datafield tag="653" ind1=" " ind2=" ">
   <subfield code="a">Πρωτοτυποποίηση</subfield>
  </datafield>
  <datafield tag="653" ind1=" " ind2=" ">
   <subfield code="a">Εφαρμογές</subfield>
  </datafield>
  <datafield tag="653" ind1=" " ind2=" ">
   <subfield code="a">Αναλογικά ηλεκτρονικά</subfield>
  </datafield>
  <datafield tag="653" ind1=" " ind2=" ">
   <subfield code="a">Ψηφιακά ηλεκτρονικά</subfield>
  </datafield>
  <datafield tag="653" ind1=" " ind2=" ">
   <subfield code="a">Ηλεκτρονική</subfield>
  </datafield>
  <datafield tag="653" ind1=" " ind2=" ">
   <subfield code="a">Τεχνολογία και επιστήμες μηχανικών</subfield>
   <subfield code="a">Ηλεκτρονική τεχνολογία και μηχανική</subfield>
  </datafield>
  <datafield tag="700" ind1="1" ind2=" ">
   <subfield code="a">Καραφυλλίδης, Ιωάννης</subfield>
   <subfield code="e">Κριτικός αναγνώστης</subfield>
   <subfield code="8">2299</subfield>
  </datafield>
  <datafield tag="856" ind1="4" ind2="0">
   <subfield code="u">http://hdl.handle.net/11419/4470</subfield>
   <subfield code="z">Πλήρες Κείμενο - Full text</subfield>
  </datafield>
  <datafield tag="907" ind1=" " ind2=" ">
   <subfield code="a">.b2567867x</subfield>
   <subfield code="b">12-06-18</subfield>
   <subfield code="c">29-07-16</subfield>
  </datafield>
  <datafield tag="949" ind1=" " ind2=" ">
   <subfield code="0">0</subfield>
   <subfield code="1">0</subfield>
   <subfield code="2">ddc</subfield>
   <subfield code="4">0</subfield>
   <subfield code="6">621_381000000000000_ΚΙΖ</subfield>
   <subfield code="7">0</subfield>
   <subfield code="8">KALL</subfield>
   <subfield code="8">626</subfield>
   <subfield code="d">2016-04-13</subfield>
   <subfield code="r">2016-04-13</subfield>
   <subfield code="w">2016-04-13</subfield>
   <subfield code="z">621.381 ΚΙΖ</subfield>
   <subfield code="o">SEAB KALLIPOS</subfield>
  </datafield>
  <datafield tag="998" ind1=" " ind2=" ">
   <subfield code="a">80</subfield>
   <subfield code="a">01</subfield>
   <subfield code="a">02</subfield>
   <subfield code="a">03</subfield>
   <subfield code="a">04</subfield>
   <subfield code="a">05</subfield>
   <subfield code="a">06</subfield>
   <subfield code="a">07</subfield>
   <subfield code="a">08</subfield>
   <subfield code="a">09</subfield>
   <subfield code="a">10</subfield>
   <subfield code="a">11</subfield>
   <subfield code="a">12</subfield>
   <subfield code="a">13</subfield>
   <subfield code="a">14</subfield>
   <subfield code="a">15</subfield>
   <subfield code="a">16</subfield>
   <subfield code="a">17</subfield>
   <subfield code="a">18</subfield>
   <subfield code="a">19</subfield>
   <subfield code="a">20</subfield>
   <subfield code="a">21</subfield>
   <subfield code="a">22</subfield>
   <subfield code="a">23</subfield>
   <subfield code="a">24</subfield>
   <subfield code="a">25</subfield>
   <subfield code="a">26</subfield>
   <subfield code="b">10-05-17</subfield>
   <subfield code="c">m</subfield>
   <subfield code="d">z  </subfield>
   <subfield code="e">-</subfield>
   <subfield code="f">gre</subfield>
   <subfield code="g">gr </subfield>
   <subfield code="h">0</subfield>
  </datafield>
  <datafield tag="942" ind1=" " ind2=" ">
   <subfield code="2">ddc</subfield>
   <subfield code="c">KALLIPOS</subfield>
  </datafield>
 </record>
</collection>
